Asymptotic optimal inference for non-ergodic models /
Guardado en:
| Autor Principal: | |
|---|---|
| Otros Autores: | |
| Formato: | Libro |
| Idioma: | English |
| Publicado: |
New York :
Springer-Verlag,
c1983.
|
| Series: | Lecture notes in statistics (Springer-Verlag) ;
v. 17. |
| Materias: | |
| Etiquetas: |
Agregar Etiqueta
Sin Etiquetas, Sea el primero en etiquetar este registro!
|
| LEADER | 00899pam a2200265 a 4500 | ||
|---|---|---|---|
| 001 | MAT.inmabb004848 | ||
| 008 | 821108s1983####nyu######b####000#0#eng## | ||
| 005 | 20151105160840.0 | ||
| 245 | 1 | 0 | |a Asymptotic optimal inference for non-ergodic models / |c Ishwar V. Basawa, David John Scott. |
| 260 | |a New York : |b Springer-Verlag, |c c1983. | ||
| 300 | |a xiii, 170 p. ; |c 24 cm. | ||
| 490 | 1 | |a Lecture notes in statistics ; |v 17 | |
| 504 | |a Bibliografía: p. [161]-170. | ||
| 510 | 4 | |a MR, |c 84i:62001 | |
| 020 | |a 0387908102 | ||
| 100 | 1 | |a Basawa, Ishwar V. | |
| 700 | 1 | |a Scott, David John. | |
| 830 | 0 | |a Lecture notes in statistics (Springer-Verlag) ; |v v. 17. | |
| 650 | 0 | |a Asymptotic efficiencies (Statistics) | |
| 650 | 0 | |a Ergodic theory. | |
| 650 | 0 | |a Estimation theory. | |
| 084 | |a 62-02 (62M99) |2 msc2000 | ||
| 010 | |a 82019448 | ||
| 040 | |a DLC |c DLC |d DLC | ||
| 859 | |h 62 |i B297a |p A-6026 |b BIB. MATEMATICA | ||
